000
00309nam a2200133Ia 4500
005
20251222153537.0
008
251222s9999||||xx |||||||||||||| ||spa||
020
_a
9972-57-048-7
082
_a
382.1/M19
100
_a
"Malca G., Oscar"
245
0
_a
Comercio internacional
250
_a
2a.ed.
942
_c
LIB
999
_c
30309
_d
30309